[Event "VIE-ch U11 Girls"]
[Site "Hanoi"]
[Date "2022.06.15"]
[Round "7"]
[White "Tran, Nguyen Ha Anh"]
[Black "Truong, Xuan Minh"]
[Result "1-0"]
[WhiteElo "2175"]
[BlackElo "2168"]
[PlyCount "53"]
[EventDate "2022.06.11"]
[EventType "swiss"]
[EventRounds "7"]
[EventCountry "VIE"]
[SourceTitle "EXT 2023"]
[Source "ChessBase"]
[SourceDate "2022.10.05"]
[SourceVersion "1"]
[SourceVersionDate "2022.10.05"]
[SourceQuality "1"]

1. e4 e5 2. Nf3 Nc6 3. d4 exd4 4. Nxd4 Qf6 5. Nb3 Qd8 6. Bc4 Ne5 7. Bd3 Be7 8. 0-0 Nf6 9. Nc3 0-0 10. h3 d5 11. exd5 Nxd5 12. Nxd5 Qxd5 13. Bxh7+ Kxh7 14. Qxd5 Nc6 15. Bf4 g6 16. Bxc7 Be6 17. Qf3 Rac8 18. Bg3 Kg7 19. Rad1 Bf6 20. c3 Rh8 21. Bf4 Rh4 22. Be3 Rch8 23. Rd6 g5 24. Rxe6 fxe6 25. Rd1 g4 26. Rd7+ Kg6 27. Qe4+ 1-0

[Event "VIE-ch U11 Girls"]
[Site "Hanoi"]
[Date "2022.06.14"]
[Round "5"]
[White "Hoang, Nguyen Giang"]
[Black "Truong, Xuan Minh"]
[Result "1/2-1/2"]
[WhiteElo "2173"]
[BlackElo "2168"]
[PlyCount "132"]
[EventDate "2022.06.11"]
[EventType "swiss"]
[EventRounds "7"]
[EventCountry "VIE"]
[SourceTitle "EXT 2023"]
[Source "ChessBase"]
[SourceDate "2022.10.05"]
[SourceVersion "1"]
[SourceVersionDate "2022.10.05"]
[SourceQuality "1"]

1. d4 Nf6 2. c4 g6 3. Nc3 d5 4. cxd5 Nxd5 5. e4 Nxc3 6. bxc3 Bg7 7. Bc4 0-0 8. Ne2 c5 9. 0-0 cxd4 10. cxd4 Nc6 11. Be3 Bg4 12. f3 Bd7 13. Rc1 e6 14. Qd2 Rc8 15. Rfd1 a6 16. d5 exd5 17. Bxd5 Bf6 18. Rb1 b5 19. Rbc1 Nb8 20. Bb7 Rxc1 21. Qxc1 Qa5 22. Qd2 Qxd2 23. Rxd2 a5 24. Bb6 Bd8 25. Ba7 Bc6 26. Bxc6 Nxc6 27. Bc5 Be7 28. Bxe7 Nxe7 29. Rd7 Nc6 30. Rc7 Nb4 31. a3 Nd3 32. Rd7 Ne5 33. Rd5 Nc4 34. Rxb5 Nxa3 35. Rxa5 Nc4 36. Rc5 Ne3 37. Nf4 Ra8 38. Nd5 Ra1+ 39. Kf2 Nf1 40. h3 Nd2 41. Ke3 Nb3 42. Rc2 Re1+ 43. Kf4 Nd4 44. Rb2 Rc1 45. Kg5 Kg7 46. f4 h5 47. Kh4 Rd1 48. g4 Rg1 49. Rf2 hxg4 50. hxg4 Ne6 51. f5 Rh1+ 52. Kg3 Ng5 53. Re2 gxf5 54. gxf5 Rg1+ 55. Kf4 f6 56. Ke3 Rg4 57. Kd4 Nf3+ 58. Kc5 Ne5 59. Kd6 Kf7 60. Ra2 Nc4+ 61. Kc5 Rxe4 62. Ra7+ Kf8 63. Nxf6 Re5+ 64. Kxc4 Rxf5 65. Nd5 Rh5 66. Kc5 Rh1 1/2-1/2